| 000 | 00411cam a22001337a 4500 | ||
|---|---|---|---|
| 008 | 180718b2007 xxu||||| |||| 00| 0 eng d | ||
| 082 | _aB3x54 M474e | ||
| 100 | _aMetha, Anjana | ||
| 245 |
_aEngaging with citizens to improve service _cby Anjana Metha |
||
| 260 |
_aNew Delhi _bWater and Sanitation Program _c2007 |
||
| 300 | _a184p. | ||
| 650 | _aPublic utilities -Government policy | ||
| 650 | _aPublic utilities | ||
| 999 |
_c495301 _d495301 |
||